| 000 | 01343nam a2200361 c 4500 | ||
|---|---|---|---|
| 003 | BLK | ||
| 005 | 20240925005454.0 | ||
| 008 | 180411b bul|||||r ||||||| ||bul|| | ||
| 010 | _aKNG00186471000 | ||
| 020 |
_a978-619-178-040-2 _bиздат.: Фама+ |
||
| 040 | _aBLK | ||
| 041 |
_aBUL _cBUL |
||
| 072 | 7 |
_2bullib _aН83 _xЧужда художествена литература Н |
|
| 080 |
_aАвстрийска литература _b821.112(436) _x-32 _z821.112(436)-32 |
||
| 100 | 1 |
_aЦвайг, Стефан _eпърви автор _9366443 |
|
| 700 |
_aСтоевски, Димитър _qЧолаков, Димчо Стоев _9364897 |
||
| 139 |
_aЦвайг, Стефан _bЦ 29 |
||
| 245 | 1 | 0 |
_aПисмо от непозната _cСтефан Цвайг; прев. Димитър Стоевски. |
| 257 | _aAUT | ||
| 260 |
_аСофия _bФама+ _c2015 |
||
| 300 |
_a71 с. _c20 см |
||
| 380 | _aX | ||
| 490 | 1 | _aПоредица Малка класика | |
| 500 | _aБез сведение за ориг. загл. | ||
| 653 | _aновели | ||
| 659 | _aН | ||
| 852 | _aЦб 279487 | ||
| 856 | 4 |
_qpdf _u |
|
| 856 | 4 |
_qpdf _u |
|
| 942 |
_cKNG _n0 _08 |
||
| 944 |
_aCR _c12.02.2016 _lCRON CRON _k |
||
| 944 |
_aED _c10.03.2016 _lф / _kЛюдмила_Стоянова |
||
| 999 |
_c177774 _d177774 |
||